Los oficios o los deberes
Guardat en:
| Autor principal: | |
|---|---|
| Format: | Llibre |
| Idioma: | espanyol |
| Publicat: |
Ciudad de México
Porrua
1978
|
| Edició: | 3a. ed |
| Col·lecció: | Sepan cuantos
|
| Matèries: | |
| Etiquetes: |
Afegir etiqueta
Sense etiquetes, Sigues el primer a etiquetar aquest registre!
|
MARC
| LEADER | 00000nam a2200000 a 4500 | ||
|---|---|---|---|
| 001 | UCX4299 | ||
| 003 | CL-VaPUC | ||
| 008 | 920410e19780000MX |||||||||||||||||spa|d | ||
| 082 | 0 | 4 | |a 875 |b CIC |2 21 |
| 100 | |a Cicerón, Marco Tulio |e autor |9 255203 | ||
| 245 | 1 | 4 | |a Los oficios o los deberes |
| 246 | 1 | 0 | |a De la vejez |
| 246 | 1 | 0 | |a De la amistad |
| 250 | |a 3a. ed | ||
| 300 | |a 155 p | ||
| 942 | |c BK | ||
| 945 | |d 19920410 00:00:00 | ||
| 260 | |a Ciudad de México |b Porrua |c 1978 | ||
| 600 | 0 | |a Cicerón, Marco Tulio |e autor |9 255203 | |
| 650 | 0 | |a Oratoria latina |9 266621 | |
| 650 | 0 | |a Oratoria |9 307605 | |
| 583 | |a last modification |c 19920410 00:00:00 |k Rodrigo Vera | ||
| 490 | 0 | |a Sepan cuantos | |
| 999 | |c 224800 |d 224798 | ||
| 952 | |0 0 |1 0 |4 0 |6 875_000000000000000_CIC_1978 |7 0 |8 A |9 221770 |a BIBEDU |b BIBEDU |d 2019-11-15 |i 2906236 |o 875 CIC 1978 |p 2906236 |r 2019-11-15 |w 2019-11-15 |y BK |k LIT | ||